LIBRARY ONLINE CATALOGUE

Management of Corporate Communication: (Record no. 19403)

MARC details
000 -LEADER
fixed length control field 00560nam a22001697a 4500
008 - FIXED-LENGTH DATA ELEMENTS--GENERAL INFORMATION
fixed length control field 220721b |||||||| |||| 00| 0 eng d
020 ## - INTERNATIONAL STANDARD BOOK NUMBER
International Standard Book Number 0805815511
050 ## - LIBRARY OF CONGRESS CALL NUMBER
Classification number HD30.3
Item number .H43 1994
100 ## - MAIN ENTRY--PERSONAL NAME
Personal name Heath, Robert L.
245 ## - TITLE STATEMENT
Title Management of Corporate Communication:
Remainder of title From International Contacts to External affairs/
Statement of responsibility, etc. Robert L. Heat
260 ## - PUBLICATION, DISTRIBUTION, ETC. (IMPRINT)
Place of publication, distribution, etc. New York
Name of publisher, distributor, etc. Routledge
Date of publication, distribution, etc. 1994
300 ## - PHYSICAL DESCRIPTION
Extent ix, 306p.
650 ## - SUBJECT ADDED ENTRY--TOPICAL TERM
Topical term or geographic name as entry element Communication in management
650 ## - SUBJECT ADDED ENTRY--TOPICAL TERM
Topical term or geographic name as entry element Communication in organizations
650 ## - SUBJECT ADDED ENTRY--TOPICAL TERM
Topical term or geographic name as entry element Public relations
Form subdivision corporations
942 ## - ADDED ENTRY ELEMENTS (KOHA)
Source of classification or shelving scheme Library of Congress Classification
Koha item type General Collection
Holdings
Withdrawn status Lost status Source of classification or shelving scheme Not for loan Home library Current library Date acquired Cost, normal purchase price Total Checkouts Full call number Barcode Date last seen Price effective from Koha item type
    Library of Congress Classification   Kabarak, Main Campus Kabarak, Main Campus 21/07/2022 5367.00   HD30.3 .H43 1994 c.1 032094 02/08/2024 21/07/2022 General Collection
    Library of Congress Classification   Kabarak, Main Campus Kabarak, Main Campus 21/07/2022 5367.00   HD30.3 .H43 1994 c.2 032095 02/08/2024 21/07/2022 General Collection
    Library of Congress Classification   Kabarak, Nakuru City Campus Kabarak, Nakuru City Campus 21/07/2022 5367.00   HD30.3 .H43 1994 c.1 032096 21/07/2022 21/07/2022 General Collection